A ilha misteriosa (Registo nº 391)

Detalhes MARC
000 -Etiqueta do registo
Cabeçalho 00829nam0a2200253 4500
005 - Identificador da versão
Campo de controlo 20240821225636.0
010 ## - Número internacional normalizado dos livros (ISBN)
Número (ISBN) 972221733X
021 ## - Número do Depósito Legal
Código do país PT
Número 157387/00
100 ## - Dados gerais de processamento
Dados gerais de processamento 20160311d2000 de y0pory5003 ba
101 1# - Língua de publicação
Língua do texto, banda sonora, etc. Português
Língua do documento no original Francês
102 ## - Pais de publicação ou produção
País de publicação Portugal
200 1# - Titulo e menção de responsabilidade
Título próprio A ilha misteriosa
Primeira menção de responsabilidade Júlio Verne
Outras menções de responsabilidade versão condensada e adapt. por Isabel Simões dos Santos
-- il. Augusto Trigo
210 ## - Publicação, Distribuição, etc. 
Lugar da edição, distribuição, etc. Lisboa
Nome do editor, distribuidor, etc. Verbo
Data da publicação, distribuição, etc. D. L. 2000
215 ## - Descrição física 
Indicação específica da natureza do documento e extensão da espécie 203, [1] p.
Outras indicações físicas il
225 2# - Colecção 
Título próprio da colecção O prazer de ler
Nome de uma parte ou secção Clássicos juvenis
Indicação de volume 17
606 ## - Nome comum usado como assunto
Número de registo de entrada de autoridade 0002783
Palavra de ordem Literatura francesa
Subdivisão de assunto Ficção científica
Código do sistema CA
675 ## - Classificação Decimal Universal (CDU)
Notação 821.133.1-311.9
Edição 3ª ed.
Língua da edição por
700 #1 - Nome de autor-pessoa física (responsabilidade principal)
Número de registo de entrada de autoridade 0002780
Palavra de ordem Verne
Outra parte do nome não tomada para palavra de ordem Júlio
Datas 1828-1905
702 ## - Nome de autor-pessoa física (responsabilidade secundária)
Número de registo de entrada de autoridade 0000406
Palavra de ordem Santos
Outra parte do nome não tomada para palavra de ordem Isabel Simões dos
Datas 1958-
Código de função Tradutor
Número de registo de entrada de autoridade 0000388
Palavra de ordem Trigo
Outra parte do nome não tomada para palavra de ordem Augusto
Datas 1938-
Código de função Ilustrador / Técnico de desenho computorizado
942 ## - Elementos de entrada adicionados (Koha)
Tipo de item no Koha Livro
966 ## - Identificação da Biblioteca
Sigla EB2,3ENM
Exemplares
Situação do levantamento Origin of item (home branch) (coded) Biblioteca de empréstimo Código de barras Cota Circulation type (not for loan) Tipo de documento Nota do exemplar Damaged status
  Biblioteca Escolar Eng. Nuno Mergulhão Biblioteca Escolar Eng. Nuno Mergulhão BENM407 82LE-3 VER   Livro Sem mensagem